000 00503nam a2200193Ia 4500
005 20250508162945.0
008 008 250505s9999 xx 000 0 hin d
020 _a81-7457-044-6
037 _aTextual
040 _aFEDL
_beng
_cFEDL
041 _ahin
_2hin
084 _a371, MAT
_qFEDL
100 _aMathur S S
_9762455
245 0 _aShikshan kala
260 _aAgra, India
_bVinod Pustak Mandir
_c1995
300 _a257p.
942 _cTEXL
_h371, MAT
999 _c1379625
_d1379625